000 00826nam a22002297a 4500
005 2012100800060.0
008 121008t xxu||||| |||| 00| 0 eng d
010 _aENG-106035
020 _a9788120346499
_c350.00
035 _aEN-89568
037 _bDBAD / PUB
040 _adpl
_bEnglish
082 _a320.0954
100 _aGhosh, Peu
_952944
245 _aIndian government and politics /
_cby Peu Ghosh
260 _aNew Delhi
_bPHI Learning
_c2012
270 _aM-97 Connaught Circus,
_bNew Delhi
_e110012
300 _axviii,486p.
_c24cm(pbk)
500 _aIncludes bibliographical references and index
942 _2ddc
_cEN
_mGHO
_h320.0954
999 _c70637
_d70637